| 000 | 01475 a2200241 4500 | ||
|---|---|---|---|
| 001 | 45948 | ||
| 005 | 20260407155732.0 | ||
| 008 | 260407a2008 arg spa d | ||
| 003 | AR-UNSa-BCEJYS | ||
| 040 |
_aAR-UNSa-BCEJYS _bspa _cAR-UNSa-BCEJYS |
||
| 080 |
_a316.728 _xEstilo de vida. Sociología de la vida cotidiana |
||
| 245 | 1 | 0 |
_aCalidad de vida _pmás allá de los hechos |
| 020 | _a978-1-59782-083-7 | ||
| 264 | 1 |
_aWashington : _bBanco Interamericano de Desarrollo _c2008 |
|
| 300 |
_a290 p. _c23 cm. |
||
| 505 | _aParte I: Preparativos para la función: 1. Calidad de vida desde otro ángulo – 2. La personalidad de las percepciones sobre la calidad de vida – 3. La conflictiva relación entre el ingreso y la satisfacción – 4. La satisfacción más allá del ingreso - - Parte II: Hechos y opiniones en escena: 5. Tomando el pulso de la calidad de la salud – 6. Lecciones sobre las percepciones y la calidad de la educación – 7. La calidad del trabajo: una cuestión de enfoque – 8. Calidad de vida urbana: más que ladrillos y cemento - - Parte III: Acto final: 9. ¿Es la gente la que elige? La importancia de las opiniones en el proceso de formulación de políticas. | ||
| 041 | _aspa | ||
| 942 | _cBK | ||
| 590 | _aniveau_biblio:m niveau_hierar:0 | ||
| 100 | 1 | _aBanco Interamericano de Desarrollo (BID) | |
| 700 | 1 | _aLora, Eduardo | |
| 856 | 4 | 1 |
_uhttps://www.biblioeco.unsa.edu.ar/pmb/images/libros/L127235.jpg _yImagen de portada _qimage/jpeg |
| 999 |
_c4077 _d4077 |
||